=LDR 00000nam 2200000 4500 =001 INLIS000000000029889 =005 20220708024117 =035 ##$$a 0010-061300000029889 =008 220708################g##########0#ind## =041 ##$$a Ind =082 ##$$a 370.114 =090 ##$$a 370.1, Zur p =100 ##$$a Zuriah, Nurul =245 1#$$a Pendidikan moral dan budi pekerti dalam perspektif perubahan, : $b Menggagas patform pendidikan budi pekerti secara kontestual dan futuristik /$c Dra. Nurul Zuriah, M.Si. ; editor, Fatna Yustianti =260 ##$$a Jakarta :$b Bumi Aksara,$c 2007 =300 ##$$a viii, 268 hlm. : $b ilus ; $c 23 x 15,5 cm. =650 #4$$a Pendidikan Moral =850 ##$$a NBPNMAT =020 ##$$a 978-979-010-169-2 =084 ##$$a 370.114 ZUR p =250 ##$$a cet. 1 =700 #$$a Fatna Yustianti =520 ##$$a Bibliorgafi : hlm. 263-266 =520 ##$$a Biografi hlm. 267-268 =990 ##$$a 21303113 =990 ##$$a 21303110 =990 ##$$a 21303109 =990 ##$$a 21303112 =990 ##$$a 21004655 =990 ##$$a 21303111 =990 ##$$a 21004652